| 000 | 00458 a2200157 4500 | ||
|---|---|---|---|
| 005 | 20250621103604.0 | ||
| 020 | _a978-0-07-310137-8 | ||
| 082 | _a658.834 HAW | ||
| 100 | _aHAWKINS, D. I. | ||
| 245 | _aConsumer Behavior Building Marketing Strategy | ||
| 250 | _a10th Ed. | ||
| 260 |
_aBoston, _bMcGraw-Hill, _c2007. |
||
| 300 |
_axxiv, 789p.: ill.; picture, figure, table, _bIndex, _c26cm. |
||
| 700 | _aMOTHERSBAUGH, D. L. & BEST, R. J. | ||
| 942 |
_2ddc _cBKS |
||
| 999 |
_c468 _d468 |
||